The Blockchain and the New Architecture of Trust (Record no. 43601)

MARC details
000 -LEADER
fixed length control field 00493nam a22001697a 4500
005 - DATE AND TIME OF LATEST TRANSACTION
control field 20250407121833.0
008 - FIXED-LENGTH DATA ELEMENTS--GENERAL INFORMATION
fixed length control field 250407b |||||||| |||| 00| 0 eng d
020 ## - INTERNATIONAL STANDARD BOOK NUMBER
International Standard Book Number 9780262547161
041 ## - LANGUAGE CODE
Language code of text/sound track or separate title eng
082 ## - DEWEY DECIMAL CLASSIFICATION NUMBER
Classification number 332.178 WER
100 ## - MAIN ENTRY--PERSONAL NAME
Author Werbach, Kevin
245 ## - TITLE STATEMENT
Title The Blockchain and the New Architecture of Trust
260 ## - PUBLICATION, DISTRIBUTION, ETC.
Place Cambridge
Publisher MIT Press
Publication Year 2018
300 ## - PHYSICAL DESCRIPTION
Extent 322;. pages: 22 cm
650 ## - SUBJECT ADDED ENTRY--TOPICAL TERM
Subject Electronic Funds Transfers; Blockchains (Databases) Bitcoin; Trust
942 ## - ADDED ENTRY ELEMENTS (KOHA)
Koha item type Books
Holdings
Withdrawn status Lost status Source of classification or shelving scheme Damaged status Not for loan Home library Current library Shelving location Accession Date Vendor Price Bill number Total Checkouts Full call number Barcode No Date last seen Discount Bill Date Koha item type Suggested By
    Dewey Decimal Classification     IMTN IMTN Rack 7-B 03/27/2025 Raghav Books Private Limited 2300.00 2374   332.178 WER 33852 04/07/2025 30 02/14/2025 Books Dr. Mantha Raghu (Head Librarian)
Designed & Maintained by: LRC IMT Nagpur Contact: lrc@imtnag.ac.in© 2024. All Rights Reserved.